V mužskom finiši rozhodlo šesť stotín! Majstrami Slovenska na 10 000 metrov Marcel Matanin a Dana Janečková z košického Obal servisu

Bibliographic Details
Main Author: (RR) (Author)
Format: Article
Language:Slovak
Subjects:

MARC

LEADER 00000nab a2200000 a 4500
001 vtls000927434
003 SK-MaSNL
005 20260303185605.0
008 040720e20010604xo 0 slo
035 |a KE36311 
040 |a KEVKJB  |b slo  |c KEVKJB  |e AACR2 
041 0 |a slo 
044 |a xo  |c SK 
080 |a 796.42  |2 1981 
100 0 |a (RR)  |4 aut  |9 786544 
245 1 0 |a V mužskom finiši rozhodlo šesť stotín!  |b Majstrami Slovenska na 10 000 metrov Marcel Matanin a Dana Janečková z košického Obal servisu 
650 0 7 |a atletika  |2 KEVKJB  |9 3279 
650 0 7 |a preteky  |2 KEVKJB  |9 300293 
650 0 7 |a muži  |2 KEVKJB  |9 4888 
650 0 7 |a preteky  |2 KEVKJB  |9 300293 
650 0 7 |a ženy  |2 KEVKJB  |9 4865 
650 0 7 |a víťazi  |2 KEVKJB  |9 878189 
650 0 7 |a informácie  |2 KEVKJB  |9 1285 
651 7 |a Košice (Slovensko)  |2 KEVKJB  |9 18694 
651 7 |a KE,  |2 KEVKJB  |9 877256 
655 7 |a periodikum  |2 snkbucl  |9 29553 
773 0 8 |t Šport  |g Roč. 55  |g Roč. 20, č.127, 4.6.2001, s. 25 
852 |a ZVYKNI  |b KIS3GCP 
999 |c 2132021  |d 2133951